000
00337nam a22001457a 4500
008
210303b ||||| |||| 00| 0 eng d
020
_a
9780321822482
041
_a
eng
080
_a
004
082
_a
004
100
_a
28
101
_a
SHKI
245
_a
The official training workbook from Adobe Systems
_c
Pearson
942
_2
udc
_c
BK
999
_c
55706
_d
55706